| 000 | 00921nam a22002897a 4500 | ||
|---|---|---|---|
| 001 | BR7905784 | ||
| 003 | BR-BrBNA | ||
| 005 | 20230928090104.0 | ||
| 007 | ta | ||
| 008 | 230509b bl.||||| |||| 00| 0 por d | ||
| 040 |
_aBR-BrBNA _bpor _cBiblioteca Nacional de Agricultura |
||
| 041 | _a(Por) | ||
| 072 |
_aF60 _b2790 |
||
| 090 | _ 2790 BR7905784 | ||
| 100 | 1 | _aSilva, M.S. | |
| 110 | 1 |
_aUniversidade Federal Rural do Rio de Janeiro, Itaguai (Brasil) _0Tese (Magister scientiae) _911225 |
|
| 245 | 1 | _aDiarilpropanoides de Iryanthera laevis [Planta produtora de droga; Analise quimica] | |
| 260 | 3 |
_aItaguai, RJ (Brasil): _c1979. |
|
| 300 | _a208 p. | ||
| 500 | _a72 illus.; 18 tables; 34 ref.; Summaries (Eng, Por) | ||
| 650 | _aBioquimica vegetal | ||
| 650 | _aPlanta produtora de droga | ||
| 650 | _aPlanta medicinal | ||
| 650 | _aAnalise quimica | ||
| 909 |
_a202309 _bLucia _c55 _dLucia Elande |
||
| 942 | _cBK | ||
| 999 |
_c27775 _d27775 |
||